00493nam a22001577a 4500003000200000005001700002008004100019020002200060082002900082245005100111260004600162300003100208500001200239500003200251504005200283020230619150450.0230619b xxu||||| |||| 00| 0 eng d a978-971-9900-30-6 aFil. 612.11 b.Gu85 2011 aOur blood = Ang ating dugocGuillan, Charlotte aQuezon CitybC&E Publishing, Inc. cc2012 a26pp. bcol. ill. c19cm.  aBlood.  aBlood-Juvenile literature.  aIncludes bibliographical references and index.